Welcome to CU Library Online Public Access Catalogue (OPAC)

Engineering Materials (Record no. 8456)

MARC details
000 -LEADER
fixed length control field 00489nam a22001577a 4500
005 - DATE AND TIME OF LATEST TRANSACTION
control field 20251129154901.0
008 - FIXED-LENGTH DATA ELEMENTS--GENERAL INFORMATION
fixed length control field 251129b |||||||| |||| 00| 0 eng d
020 ## - INTERNATIONAL STANDARD BOOK NUMBER
International Standard Book Number 9788121919609
050 ## - LIBRARY OF CONGRESS CALL NUMBER
Classification number TA401.6
Item number .A1
100 ## - MAIN ENTRY--PERSONAL NAME
Personal name Rajput, R. K.
245 ## - TITLE STATEMENT
Title Engineering Materials
Remainder of title including construction materials
Statement of responsibility, etc. R. K, Rajput
250 ## - EDITION STATEMENT
Edition statement 3rd ed.
Remainder of edition statement thoroughly revised
260 ## - PUBLICATION, DISTRIBUTION, ETC.
Place of publication, distribution, etc. New Delhi
Name of publisher, distributor, etc. S. Chand & Company Limited
Date of publication, distribution, etc. 2009
300 ## - PHYSICAL DESCRIPTION
Extent xvi. 473p.
Other physical details ill.
Dimensions 24cm
942 ## - ADDED ENTRY ELEMENTS (KOHA)
Source of classification or shelving scheme Library of Congress Classification
Koha item type Books
Edition 3rd ed.
Suppress in OPAC No
999 ## -
-- 8456
-- 8456
Holdings
Withdrawn status Lost status Source of classification or shelving scheme Damaged status Not for loan Collection Home library Current library Shelving location Date acquired Total checkouts Full call number Barcode Date last seen Copy number Price effective from Koha item type
    Library of Congress Classification     Non-fiction Science Library (Miotso) Science Library (Miotso) General stacks 11/29/2025   TA401.6 .A1 RAJ SLM00006457 11/29/2025 1 11/29/2025 Books
    Library of Congress Classification     Non-fiction Science Library (Miotso) Science Library (Miotso) General stacks 11/29/2025   TA401.6 .A1 RAJ SLM00006458 11/29/2025 2 11/29/2025 Books
    Library of Congress Classification     Non-fiction Science Library (Miotso) Science Library (Miotso) General stacks 11/29/2025   TA401.6 .A1 RAJ SLM00006459 11/29/2025 3 11/29/2025 Books
    Library of Congress Classification     Non-fiction Science Library (Miotso) Science Library (Miotso) General stacks 11/29/2025   TA401.6 .A1 RAJ SLM00006460 11/29/2025 4 11/29/2025 Books
© 2023-2024 Copyright: Central University Libraries. All Rights Reserved | Created by: Mahone Tech Office